LEADER 01045nam a2200253 i 4500 001 000000169319 003 CaOOAMICUS 005 20080215000000.0 008 080215s1966 it u000 u ita u 013 $a146722 040 $aSeMil$bita 245 10$aDocumenti pontifici sul teatro :$b341-1966. 260 $a[Cittā del Vaticano] :$bTipografia Poliglotta Vaticana,$c1966. 300 $aXXVIII, 172 p. ;$c23 cm. 490 0 $aEdizioni della Radio Vaticana ;$v3 500 $aFondo card. Giovanni Colombo. 650 4$aTeatro - Documenti pontifici.$0(OLS)http://semarc/subject/32267 830 0$aEdizioni della Radio Vaticana ;$v3.$0(OLS)http://semarc/title/25222 850 $aSeMil 852 $aSeMil$W1$xVenegono$y1$m165 72 3 *$j120272$B120272$CSeMilBibl$Z2$F131597 $81 941 1 $a3 961 $aLascito: Colombo Card. Giovanni 996 $6245$aDocumenti pontifici sul teatro :$b341-1966$9(OLS)http://semarc/title/242122 996 $6260$a[Cittā del Vaticano] :$bTipografia Poliglotta Vaticana$9(OLS)http://semarc/publisher/32047 LEADER 01354nam a2200289 i 4500 001 000000221534 003 CaOOAMICUS 005 20130723000000.0 008 130723s2011 it u000 u ita u 013 $a200431 020 $a978-88-514-0936-4 040 $aSeMil$bita 100 1 $aPlotti, Alessandro,$c.$0(OLS)http://semarc/name/49661 245 13$aUn'avventura che diventa storia :$bi cinquant'anni della Facoltā di medicina e chirurgia dell'Universitā cattolica del Sacro Cuore /$cAlessandro Plotti. 260 $aMilano :$bĀncora,$c2011. 300 $a104 p., [8] carte di tav. :$bill. ;$c21 cm. 490 0 $aSaggi 500 $aFondo card. C. M. Martini. 650 4$aMilano - Universitā Cattolica del sacro Cuore - Storia.$0(OLS)http://semarc/subject/1601 830 0$aSaggi.$0(OLS)http://semarc/title/341 850 $aSeMil 852 $aSeMil$W1$xVenegono$y1$m3U III 462$j171883$B171883$CSeMilBibl$Z2$F182391 $81 941 1 $a4 961 $aLascito: Martini Card. Carlo Maria 996 $6020$a978-88-514-0936-4$9(OLS)http://semarc/number/220560 996 $6245$aUn'avventura che diventa storia :$bi cinquant'anni della Facoltā di medicina e chirurgia dell'Universitā cattolica del Sacro Cuore$9(OLS)http://semarc/title/317564 996 $6260$aMilano :$bĀncora$9(OLS)http://semarc/publisher/29763